| 000 | 00360nam a22001337a 4500 | ||
|---|---|---|---|
| 020 | _a978-93-80283-27-2 | ||
| 082 |
_a823 _bCAN/C |
||
| 100 | _aJACK CANFIELD, MARK VICTOR HANSEN, VEENA SESHADRI | ||
| 245 | _aCHICKEN SOUP FOR THE INDIAN SPIRITUAL SOUL | ||
| 260 |
_aINDIA _bWESTLAND LTD _c2009 |
||
| 300 | _a393 | ||
| 650 | _aOFFER HOPE AND DEEPEN FAITH | ||
| 942 | _cBK | ||
| 999 |
_c24 _d24 |
||